[Event "IBCA-ol blind 13th"]
[Site "Heraklion"]
[Date "2008.10.23"]
[Round "5.3"]
[White "Ntovas, Dimitrios"]
[Black "Doulgeridis, Spyridon"]
[Result "1-0"]
[WhiteElo "1457"]
[BlackElo "1400"]
[PlyCount "43"]
[EventDate "2008.10.19"]
[EventType "team-swiss"]
[EventRounds "9"]
[EventCountry "GRE"]
[SourceTitle "EXT 2010"]
[Source "ChessBase"]
[SourceDate "2010.11.25"]
[SourceVersion "1"]
[SourceVersionDate "2010.11.25"]
[SourceQuality "1"]
[WhiteTeam "Greece (blind) II"]
[BlackTeam "Greece (blind) III"]
[WhiteTeamCountry "GRE"]
[BlackTeamCountry "GRE"]

1. d4 Nf6 2. c4 g6 3. Nc3 Bg7 4. e4 d6 5. Be2 0-0 6. Nf3 e5 7. Be3 Nc6 8. d5 Ne7 9. Nd2 Ne8 10. f3 f5 11. exf5 gxf5 12. 0-0 f4 13. Bf2 Ng6 14. Bd3 Bf6 15. Nde4 Bh4 16. Qc2 Kg7 17. g3 Bg5 18. Qe2 Qe7 19. Qc2 fxg3 20. Bxg3 Nf4 21. Rad1 Nh3+ 22. Kh1 1-0